| 000 | 00704nam a2200193 a 4500 | ||
|---|---|---|---|
| 008 | 130415s2002 ||||||||||||||||| || u | ||
| 020 | _a1902796330 | ||
| 050 | _aBF 121 Psy | ||
| 100 | _aStenner, Paul | ||
| 245 | 1 | 0 |
_aPsychology in focus: a 2 level _cedited and written by Mike Haralambos and David Rice (and others) |
| 260 |
_aOrmskirk, Lancs _bCauseway Press _c2002 |
||
| 300 | _av, 576p.: ill. | ||
| 650 | 3 | _aPSYCHOLOGY | |
| 650 | _aBEHAVIORAL PSYCHOLOGY | ||
| 650 | _aBEHAVIORISM | ||
| 700 | _aRice David | ||
| 700 | _aHaralambos, Mike | ||
| 995 |
_FCBU-MAIN LIBRARY (Kitwe) _M1 _UAVAILABLE _WJun 13, 2013 _ZMain Library Open Access Collection |
||
| 999 |
_c55227 _d55227 |
||